HANDWRITING FORENSICS (Record no. 22268)

MARC details
000 -LEADER
fixed length control field 00282nam a22001337a 4500
003 - CONTROL NUMBER IDENTIFIER
control field SGT
082 ## - DEWEY DECIMAL CLASSIFICATION NUMBER
Classification number 614
Item number SHA
100 ## - MAIN ENTRY--PERSONAL NAME
Personal name SHARMA, B.R.
245 ## - TITLE STATEMENT
Title HANDWRITING FORENSICS
250 ## - EDITION STATEMENT
Edition statement 2ND
260 ## - PUBLICATION, DISTRIBUTION, ETC. (IMPRINT)
Place of publication, distribution, etc GURGAON
Name of publisher, distributor, etc UNIVERSITY PRESS
Year of Publication 2021
300 ## - PAGE DESCRIPTION
No. of Pages 726
942 ## - ADDED ENTRY ELEMENTS (KOHA)
Source of classification or shelving scheme Dewey Decimal Classification
Koha item type Books
942 ## - ADDED ENTRY ELEMENTS (KOHA)
-- 24
Holdings
Withdrawn status Lost status Source of classification or shelving scheme Damaged status Not for loan Collection code Home library Current library Shelving location Date acquired Vendor Name Cost, normal purchase price SGTU Bill Number Total Checkouts Full call number Accession No. (Barcode) Date last seen Date last borrowed Bill Date Koha item type
    Dewey Decimal Classification     SCIENCE SGT Science & Social Sciences Library SGT Science & Social Sciences Library Text Book 26/02/2022 ABC 1295.00 SGTU 13646 6 614 SHA PS6401 25/03/2026 12/03/2026   Books
    Dewey Decimal Classification   Not For Loan SCIENCE SGT Science & Social Sciences Library SGT Science & Social Sciences Library Text Book 26/02/2022 ABC 1295.00 SGTU 13646 22 614 SHA PS6402 23/03/2026 19/03/2026   Books
    Dewey Decimal Classification     SCIENCE SGT Science & Social Sciences Library SGT Science & Social Sciences Library Reference Book 03/03/2022 ABC 1295.00 SGTU 13842 4 614 SHA PS6605 20/04/2026 18/02/2026   Books